1326 1024 1417 1991 1358 1944 1623 1511 1591 1896 1417 1155 1369 1966 1881 1263 1961 1893 1015 1405 1889 1257 1703 1284 1361 1454 1233 1322 1089 1164 1462 1177 1715 1800 1955 1104 1553 1355 1130 1550 1819 1270 1613 1656 1880 1674 1247 1764 1922 1693 1769 1719 1159 1577 1714 1782 1132 1585 1644 1448 1060 1865 1974 1269 1191 1771 1759 1281 1564 1208 1987 1810 1041 1864 1636 1208 1434 1004 1701 1302 1236 1852 1563 1913 1992 1404 1110 1095 1610 1838 1271 1943 1119 1111 1221 1713 1486 1452 1698 BCNSPRNW ULIB Ver.6.0+V

เปลี่ยนเป็นภาษาไทย

Change to English
 แสดงรายละเอียดบรรณานุกรม
  กลับหน้าหลัก

Brief Record : Get Marc (ISO 2709) : E-mail record : QR code < ปิดหน้าต่าง
LEADER : 00000nam 2200000uu 4500
001    13399126327
003     ULIB
008    180909s2560||||th 000 0 tha d
020    ^a9786169283614
060    ^aWB105 พ265ก
100    ^aพรรณวิไล ตั้งกุลพานิชย์
245    ^aการฝึกปฏิบัติเวชหัตถการกู้ชีพขั้นสูง Course Workshop for Advance Resuscitative Procedures
250    ^aพิมพ์ครั้งที่ 1
260    ^aกรุงเทพฯ :^bวิทยาลัยแพทย์ฉุกเฉินแห่งประเทศไทย,^c2560
300    ^a220 หน้า^bภาพประกอบ
650    ^aการกู้ชีพ
650    ^aเวชศาสตร์ฉุกเฉิน
945    ^p500^l0^i26561
945    ^p500^l0^i26560
999    ^aกัณชพร จุลอักษร
รายการนี้ยังไม่มีแท็ก
คุณยังไม่ได้ล็อกอิน คุณสามารถมีกิจกรรมร่วมกับเว็บไซต์ได้ แต่ต้องล็อกอินก่อน ::
  ล็อกอิน

รายการสื่อสารสนเทศ

ลำดับที่ ประเภท เลขเรียก/บาร์โค้ด สถานที่ สถานะ
1. หนังสือสำรอง
หนังสือสำรอง
WB105 พ265ก ฉ.1 
  Barcode: 26560
ห้องสมุดวิทยาเขตนครสวรรค์
►หนังสือทั่วไป:l:General Books
บนชั้น
2. วิทยาศาสตร์การแพทย์ และสุขภาพ
วิทยาศาสตร์การแพทย์ และสุขภาพ
WB105 พ265ก ฉ.2 
  Barcode: 26561
ห้องสมุดวิทยาเขตนครสวรรค์
►หนังสือทั่วไป:l:General Books
บนชั้น

รายการใกล้เคียง
    ชื่อเรื่อง [การฝึกปฏิบัติเวชหัตถการกู้ชีพขั้นสูง Course Workshop for Advance Resuscitative Procedures]

    ผู้แต่ง [พรรณวิไล ตั้งกุลพานิชย์]

    หัวเรื่อง [การกู้ชีพ]
    หัวเรื่อง [เวชศาสตร์ฉุกเฉิน]

BibComment


ยังไม่เคยถูกคอมเมนท์

คอมเมนท์ทรัพยากรรายการนี้
  คอมเมนท์: การฝึกปฏิบัติเวช..


 Copyright 2026. Bcnsprnw @Library